000
00312pam a2200133 a 4500
020
_c
041
_a
eng
082
_b
HAM
100
_a
Hamilton nacy ,
_e
Luttgens kathryn .
245
_a
Kinesiology
_h
Textual Documents
260
_a
[s.l]:
_b
Mcgraw hill Higher education
300
_a
620 pg .
930
_a
1219
999
_c
78144
_d
78144